00817 2200217 4500001002100000005001500021035002000036008004100056245024300097100002100340250003500361260006300396300002400459084002100483082001500504650001600519650001400535500001600549500001800565990001600583INLIS00000000000430220220524094111 a0010-1021000006220524 g 0 dut 1 aDie erdbeben des indischen archipels von 1858 bis 1877 = Gempa bumi di kepulauan Hindia dari tahun 1858 hingga 1877 :bPlantkunde-Dierkunde-Aardkunde- Delfstofkunde-Ontleedkunde-Physiologie-Gezondheisleer en Ziektekunde /cArthur Wichmann aWICHMANN, Arthur aTweede Sectie. Dell XXII No. 5 aAmsterdam :bKoninklijke Akademie van Wetenschappen,c1922 a209 p., ill.; 24 cm a550.348.43 WIC e a550.348.43 4aEARTHQUAKES 4aINDONESIA aIncl. Index aServer 2016/D a576/KA/2021